| 000 | 005430000a22001930004500 | ||
|---|---|---|---|
| 003 | LK-CoMWRAF | ||
| 005 | 20240624180109.0 | ||
| 008 | 230817t ||||| |||| 00| 0 eng d | ||
| 040 |
_aLK-CoMWRAF _dLK-CoMWRAF _eLK-CoMWRAF |
||
| 041 | _aeng | ||
| 082 |
_a342.54 _bVIO |
||
| 245 |
_aViolence against women: _blegal rights of women in Pakistan |
||
| 260 |
_aLahore: _bAGHS legal aid cell, _cn.d. |
||
| 300 | _a36 p. | ||
| 490 | _aLegal literacy pamphelts | ||
| 650 | _aWOMEN,VIOLENCE AGAINST | ||
| 650 | _aLegal rights-Pakistan | ||
| 942 | _cBK | ||
| 999 |
_c2959 _d2959 |
||